000 01538nam a2200313 a 4500
001 27431
003 BD-RjUL
005 20211209051144.0
008 140325s1982 enkab b 001 0 eng d
020 _a052122215X (v.1)
035 _aOCLC 03034730 from dgco204
_a(BD-RjUL) 27505
040 _aDLC
_cDLC
_dOCL
_dBD-RjUL
_beng
041 _aeng
082 _a960
_bCAM V-1 1982
245 0 4 _aThe Cambridge history of Africa /
_cedited by Clark, J.Desmond
_nVolume I
_pFrom the Earliest Times to c.500 BC
260 _aCambridge ;
_aLondon :
_bCambridge University Press,
_c1982.
300 _axxiii, 1157 p. :
_bill. ;
_c24 cm.
504 _aIncludes bibliographies and indes.
505 0 _av. 1. From the earliest times to c. 500 B.C. / edited by J. Desmond Clark. 1982.--v. 2. From c. 500 B.C. to A.D. 1050 / edited by J.D. Fage. 1978.--v. 3. From c. 1050 to c. 1600 / edited by Roland Oliver. 1977.--v. 4. From c. 1600 to c. 1790 / edited by Richard Gray. 1975.--v. 5. From c. 1790 to c. 1870 / edited by John Flint. 1977.--v. 6. From 1870 to 1905 / edited by Roland Oliver and G.N. Sanderson. 1985.--v. 7. From 1905 to 1940 / edited by A.D. Roberts. 1986.--v. 8. From c. 1940 to 1975 / edited by Michael Crowder. 1984.
650 _aAfrica
_xHistory.
_984257
651 0 _aAfrica
_xHistory.
_984258
700 1 _aClark, Desmond J.
_984259
700 1 _aFage, J. D.
_984260
700 1 _aOliver, Roland Anthony.
_984261
700 1 _aRoberts, A. D.
_91897
942 _2ddc
_cBK
999 _c27431
_d27431